000 00805nam a2200241 u 4500
005 20250611063905.0
008 160908s2013 r 000 0 eng d
020 _a9789508088352
035 _aUPN01000212975
049 _aCG
050 4 _aLB3013.3
_bC3.29
100 1 _aCastro Santander, Alejandro,
_d1954-
_933555
245 1 0 _aBullying blando, bullying duro y ciberbullying :
_bnuevas violencias y consumos culturales /
_cAlejandro Castro Santander, Cristina Reta Bravo.
260 _aRosario, Arg. :
_bHomo Sapiens,
_cc2013.
300 _a111 p. :
_bgráfs.
440 0 _aEducacion
650 4 _aAcoso en las escuelas
_91650
650 2 _aIntimidación en línea
_921417
650 4 _aViolencia escolar
_96675
700 1 _aReta Bravo, Cristina,
_ecoaut.
905 _aLibro
999 _c185075
_d185075